000 01067cam a2200265 i 4500
003 SA-RiAUC
005 20250530115215.0
008 250529s1993 su g 00000dara c
040 _aSA-RiAUC
_bara
_cSA-RiAUC
_erda
043 _aa-su---
082 0 4 _a953.03
090 _a953.03
_bج ا س
100 1 _aالجاسر، حمد،
_d1328-1421 هجري
_eمؤلف.
245 1 0 _aابن عربي :
_bموطد الحكم الأموي في نجد /
_cتأليف حمد الجاسر.
264 1 _aالرياض :
_bحمد الجاسر،
_c1993
300 _a298 صفحة ؛
_c24 سم.
336 _aنص
_btxt
_2rdacontent
_3كتاب
337 _aبدون وسيط
_bn
_2rdamedia
338 _aمجلد
_bnc
_2rdacarrier
440 0 _aلمحات من تاريخ (نجد) في عهد الأموية
600 1 7 _aابن عربي، محمد بن علي بن محمد،
_d560-638 هجري
_2aucnm
651 7 _aنجد (السعودية)
_xتاريخ
_yالعصر الأموي، 41-132 هجري
_2aucsh
942 _2ddc
_cBOOK
_n0
949 _aSA-JeALM
_d250529
_umohamedma123
_n1
999 _c8496
_d8496